000 00684nam a2200253Ia 4500
003 OSt
005 20220918164030.0
006 a|||||r|||| 00| 0
007 ta
008 220917b |||||||| |||| 00| 0 eng d
020 _a0415075130
024 _a203,101
037 _cTextual
040 _aARTS
_cARTS
_beng
041 _2eng
_aeng
082 _aNW, P0 (TTO)
100 _aEllis John
_916794
245 0 _aVisible fictions
_b Cinema television video
260 _aLondon
_bRoutledge India
_c2000
300 _aviii,301 p
_ccm.
650 _aMOTION PICTURES; ARTS
_94029
942 _hNW, P0 (TTO)
_cTEXL
_2CC
999 _c122787
_d122787